Balada v proměně doby

Bibliographic Details
Main Author: Nejedlá, Jaromíra, 1934-1989 (Author)
Format: Book
Language:Czech
PhysicalDescription:250 s. 22 cm
Published: Praha Československý spisovatel 1989
ISBN:8020201211
Edition:1. vyd.
Series:Kritické rozhledy Velká řada
Subjects:

MARC

LEADER 00000cam a2200000 a 4500
001 vtls009711743
003 SK-MaSNL
005 20260301082440.0
008 251029s1989 xr n 001 0 cze
015 |a SNBA1989 
020 |a 8020201211  |q (viaz.) 
035 |a (SVKBBclas03)vtls000082488 
035 |a urn:nbn:sk:snk-amjf9t 
035 |a urn:nbn:sk:snk-am003exf 
035 |a A72DE57F-0E53-4589-90E3-DBDACF1FD031 
040 |a SNK  |b slo  |c SNK  |e AACR2 
041 0 |a cze 
044 |a xr  |c CZ 
080 |a 821.162.3-144  |2 2001 
100 1 |a Nejedlá, Jaromíra,  |d 1934-1989  |4 aut  |9 238816 
245 1 0 |a Balada v proměně doby  |c Jaromíra Nejedlá ; [rejstřík sestavil Václav Kubín] 
250 |a 1. vyd. 
260 |a Praha  |b Československý spisovatel  |c 1989 
300 |a 250 s.  |c 22 cm 
366 |e 600 výt. 
490 1 |a Kritické rozhledy. Velká řada  |v 63 
504 |a Bibliogr. odkazy ; Reg. 
650 0 7 |a balady  |2 SNKPH  |9 79836 
655 7 |a štúdie  |2 SNKPH  |9 57033 
700 1 |a Kubín, Václav,  |d 1920-2007  |4 oth  |9 158443 
830 0 |a Kritické rozhledy  |p Velká řada  |9 407401 
852 |a Štátna vedecká knižnica v Banskej Bystrici 
919 |a 80-202-0121-1 
958 |a EUIPO 
958 |a CZ 
958 |a SK 
958 |a NB 
958 |a KL 
958 |a OND 
999 |c 658554  |d 660484 
952 |a SNK  |b SNK  |y PREZ  |7 0  |p 17A0997710  |o snkSC 76088   |i snkKIP 1/90  |0 0  |1 0  |4 0  |d 2012-08-10  |l 0  |r 2026-02-23 18:45:14  |w 2026-02-23 
952 |a SNK  |b SNK  |y VYP  |7 0  |p 17A1162216  |o snkSC 76088 D1  |i snkKIP 2/90  |0 0  |1 0  |4 0  |d 1999-08-31  |l 0  |r 2005-01-02 00:00:00  |w 2026-02-23